Против ветра: рассказы; Остров Исчезающий; Вездеход; В новогоднюю ночь
| Hovedforfatter: | |
|---|---|
| Andre forfattere: | |
| Sprog: | russisk |
| Udgivet: |
Москва, Военное издательство Военного министерства Союза ССР, 1951
|
| TOC: | Остров Исчезающий; Вездеход; В новогоднюю ночь; |
| Serier: | Библиотечка журнала "Советский воин" |
| Fag: | |
| Format: | MixedMaterials Bog |
| KOHA link: | https://koha.lib.tpu.ru/cgi-bin/koha/opac-detail.pl?biblionumber=229024 |
MARC
| LEADER | 00000nam0a2200000 4500 | ||
|---|---|---|---|
| 001 | 229024 | ||
| 005 | 20231101230918.0 | ||
| 035 | |a (RuTPU)RU\TPU\book\249559 | ||
| 090 | |a 229024 | ||
| 100 | |a 20121225d1951 m y0rusy50 ca | ||
| 101 | 0 | |a rus | |
| 102 | |a RU | ||
| 105 | |a a z 000ay | ||
| 200 | 1 | |a Против ветра |e рассказы |f А. П. Казанцев |g худож. П. Баранов | |
| 210 | |a Москва |c Военное издательство Военного министерства Союза ССР |d 1951 | ||
| 215 | |a 64 с. |c ил. | ||
| 225 | 1 | |a Библиотечка журнала "Советский воин" |h № 12 (175) | |
| 316 | |5 63413507: У-1/156 |a С автографом автора. На с. 1 надпись: "ТПИ - А. Казанцев 3-3-71" | ||
| 317 | |5 63413507: У-1/156 |a Поступил в НТБ в дар от А. П. Казанцева | ||
| 464 | |t Остров Исчезающий | ||
| 464 | |t Вездеход | ||
| 464 | |t В новогоднюю ночь | ||
| 606 | 1 | |a Русская литература современная |2 stltpush |3 (RuTPU)RU\TPU\subj\26373 |9 50316 | |
| 610 | 1 | |a художественная литература | |
| 610 | 1 | |a рассказы | |
| 610 | 1 | |a Арктика | |
| 610 | 1 | |a дары автора | |
| 610 | 1 | |a дарственные надписи | |
| 610 | 1 | |a выпускники ТПУ | |
| 610 | 1 | |a Коллекция А. П. Казанцева | |
| 675 | |a Р2 |v 3 | ||
| 700 | 1 | |a Казанцев |b А. П. |c русский советский писатель-фантаст |c член Союза писателей СССР |c выпускник механического факультета ТТИ 1930 г. |f 1906-2002 |g Александр Петрович |2 stltpush |3 (RuTPU)RU\TPU\pers\15808 | |
| 702 | 1 | |a Баранов |b П. |4 440 | |
| 801 | 1 | |a RU |b 63413507 |c 20121225 | |
| 801 | 2 | |a RU |b 63413507 |c 20210729 |g RCR | |
| 942 | |c BK | ||